[Event "Oberbayern Bezirksliga 1617"]
[Site "Germany"]
[Date "2016.10.16"]
[Round "1.7"]
[White "Rath, Martin"]
[Black "Peterwagner, Heinz"]
[Result "0-1"]
[WhiteElo "1924"]
[BlackElo "2068"]
[PlyCount "100"]
[EventDate "2016.10.16"]
[EventType "team-tourn"]
[EventRounds "9"]
[EventCountry "GER"]
[SourceTitle "EXT 2019"]
[Source "ChessBase"]
[SourceDate "2018.10.10"]
[SourceVersion "1"]
[SourceVersionDate "2018.10.10"]
[SourceQuality "1"]
[WhiteTeam "Fuerstenfeldbruck"]
[BlackTeam "Freilassing"]
[WhiteTeamCountry "GER"]
[BlackTeamCountry "GER"]

1. e4 c5 2. Nc3 g6 3. d3 Bg7 4. g3 Nc6 5. Bg2 d6 6. Be3 Nf6 7. f4 Ng4 8. Bd2 Bd4 9. Nh3 Ne3 10. Bxe3 Bxe3 11. Nd5 Bd4 12. c3 Bg7 13. 0-0 e6 14. Ne3 0-0 15. f5 Bd7 16. g4 Be5 17. g5 exf5 18. exf5 f6 19. Bd5+ Kg7 20. Qg4 Ne7 21. Be6 Bxe6 22. fxe6 f5 23. Qc4 b5 24. Qh4 Kg8 25. Rf3 Qb6 26. Re1 Qb7 27. Ref1 Bg7 28. Nf4 Be5 29. Rh3 Nc6 30. Nfd5 Qg7 31. a4 a6 32. Nb6 Ra7 33. Nd7 Rxd7 34. exd7 Qxd7 35. axb5 axb5 36. Nd5 Qf7 37. Ra1 Qb7 38. Ra6 Rf7 39. Rb6 Qa8 40. Nf6+ Bxf6 41. gxf6 Qa1+ 42. Kg2 Qa8 43. Re3 Ne5+ 44. Kf1 Qh1+ 45. Ke2 Qg2+ 46. Kd1 Qf1+ 47. Re1 Qxd3+ 48. Kc1 h5 49. Qg5 Ra7 50. f7+ Kxf7 0-1

[Event "AUT-chT2W 1213"]
[Site "Austria"]
[Date "2013.03.08"]
[Round "9.5"]
[White "Kroell, Johannes"]
[Black "Peterwagner, Heinz"]
[Result "0-1"]
[WhiteElo "2205"]
[BlackElo "2129"]
[PlyCount "100"]
[EventDate "2012.10.05"]
[EventType "team-tourn"]
[EventRounds "11"]
[EventCountry "AUT"]
[SourceTitle "EXT 2014"]
[Source "ChessBase"]
[SourceDate "2013.11.20"]
[SourceVersion "1"]
[SourceVersionDate "2013.11.20"]
[SourceQuality "1"]
[WhiteTeam "Zillertal"]
[BlackTeam "Mozart"]
[WhiteTeamCountry "AUT"]
[BlackTeamCountry "AUT"]

1. Nc3 g6 2. e4 Bg7 3. d3 c5 4. Be3 d6 5. Qd2 Nc6 6. Nge2 Nf6 7. Bh6 Bxh6 8. Qxh6 Nd4 9. 0-0-0 e5 10. Nd5 Nxd5 11. exd5 Nxe2+ 12. Bxe2 Qf6 13. Bf3 Bd7 14. h4 0-0-0 15. Rde1 Rde8 16. Re4 Qe7 17. Qd2 Qd8 18. b4 f5 19. Rc4 b6 20. bxc5 dxc5 21. Qb4 Qc7 22. Qb2 Kd8 23. Re1 b5 24. Rc3 b4 25. Rc4 Bb5 26. Qb3 Bxc4 27. Qxc4 Qd6 28. Kb2 Ke7 29. d4 cxd4 30. Qxd4 Kf6 31. Qxa7 Ra8 32. Qe3 e4 33. Qb3 Rhc8 34. Kb1 Ra3 35. Qb2+ Qe5 36. Be2 Qxb2+ 37. Kxb2 Rac3 38. Rc1 Ke5 39. Ba6 R8c7 40. Bb5 Kxd5 41. Ba4 e3 42. fxe3 Rxe3 43. Rd1+ Ke5 44. Rd2 Kf4 45. Rd4+ Re4 46. Rd3 Kg4 47. g3 Rc3 48. Rxc3 bxc3+ 49. Kb3 Rxa4 50. Kxa4 Kxg3 0-1

[Event "AUT-chT2W 1213"]
[Site "Austria"]
[Date "2012.10.05"]
[Round "1.4"]
[White "Peterwagner, Heinz"]
[Black "Pitl, Gregory"]
[Result "1/2-1/2"]
[WhiteElo "2129"]
[BlackElo "2401"]
[PlyCount "84"]
[EventDate "2012.10.05"]
[EventType "team-tourn"]
[EventRounds "11"]
[EventCountry "AUT"]
[SourceTitle "EXT 2013"]
[Source "ChessBase"]
[SourceDate "2012.11.22"]
[SourceVersion "1"]
[SourceVersionDate "2012.11.22"]
[SourceQuality "1"]
[WhiteTeam "Mozart"]
[BlackTeam "Bernhard"]
[WhiteTeamCountry "AUT"]
[BlackTeamCountry "AUT"]

1. e4 c5 2. Ne2 Nc6 3. g3 d5 4. Nbc3 d4 5. Nb1 Bg4 6. Bg2 Ne5 7. d3 Bf3 8. 0-0 Qd7 9. Nd2 Bxg2 10. Kxg2 g5 11. f4 gxf4 12. Nxf4 Nf6 13. Nf3 Ng6 14. Qe2 Bh6 15. Nd5 Bg7 16. Nxf6+ Bxf6 17. Bd2 h5 18. h3 h4 19. g4 Qc7 20. Qf2 0-0-0 21. Rac1 e6 22. Ng5 Be7 23. Kh1 Rdf8 24. Qg2 Bd6 25. Rf3 Qe7 26. Rff1 f6 27. Nf3 Bg3 28. Rcd1 Qd6 29. Ng1 Nf4 30. Bxf4 Bxf4 31. Ne2 Be5 32. Rf3 Qa6 33. a3 Kb8 34. Rdf1 Rfg8 35. Qf2 Qd6 36. a4 a6 37. b3 Qc6 38. Qg2 Rg5 39. R3f2 Re8 40. Ng1 Rgg8 41. Ne2 Rg5 42. Ng1 Rgg8 1/2-1/2

[Event "AUT-chT2W 0607"]
[Site "Austria"]
[Date "2007.03.04"]
[Round "11.3"]
[White "Peterwagner, Heinz"]
[Black "Mrsic, Robert"]
[Result "1/2-1/2"]
[WhiteElo "2174"]
[BlackElo "2086"]
[PlyCount "25"]
[EventDate "2006.10.21"]
[EventType "team"]
[EventRounds "11"]
[EventCountry "AUT"]
[SourceTitle "EXT 2008"]
[Source "ChessBase"]
[SourceDate "2007.11.25"]
[SourceVersion "1"]
[SourceVersionDate "2007.11.25"]
[SourceQuality "1"]

1. e4 e6 2. d4 d5 3. Nd2 dxe4 4. Nxe4 Qd5 5. Nc3 Bb4 6. Nf3 Nf6 7. Bd2 Bxc3 8. Bxc3 0-0 9. Bd3 b6 10. Bb4 Re8 11. c4 Qh5 12. Ne5 Bb7 13. Qxh5 1/2-1/2

[Event "AUT-chT2W 0607"]
[Site "Austria"]
[Date "2007.01.26"]
[Round "6.2"]
[White "Peterwagner, Heinz"]
[Black "Tabernig, Bernhard"]
[Result "0-1"]
[WhiteElo "2213"]
[BlackElo "2292"]
[PlyCount "40"]
[EventDate "2006.10.21"]
[EventType "team"]
[EventRounds "11"]
[EventCountry "AUT"]
[SourceTitle "EXT 2008"]
[Source "ChessBase"]
[SourceDate "2007.11.25"]
[SourceVersion "1"]
[SourceVersionDate "2007.11.25"]
[SourceQuality "1"]

1. e4 e6 2. d4 d5 3. Nd2 Nf6 4. e5 Nfd7 5. f4 c5 6. c3 Nc6 7. Ndf3 cxd4 8. cxd4 Qb6 9. Ne2 f6 10. g3 Bb4+ 11. Bd2 fxe5 12. dxe5 Nc5 13. Nc3 0-0 14. Qe2 Bd7 15. Qf2 d4 16. Nd1 Ne4 17. Nxd4 Nxd4 18. Qxd4 Bc6 19. Rg1 Rad8 20. Qe3 Rxd2 0-1

[Event "AUT-chT2W 0506"]
[Site "Austria"]
[Date "2006.01.20"]
[Round "6"]
[White "Peterwagner, Heinz"]
[Black "Herbrechtsmeier, Christof"]
[Result "1-0"]
[WhiteElo "2216"]
[BlackElo "2287"]
[PlyCount "79"]
[EventDate "2005.10.08"]
[EventType "team"]
[EventRounds "11"]
[EventCountry "AUT"]
[SourceTitle "EXT 2007"]
[Source "ChessBase"]
[SourceDate "2006.11.23"]
[SourceVersion "1"]
[SourceVersionDate "2006.11.23"]
[SourceQuality "1"]
[WhiteTeam "Mozart"]
[BlackTeam "Bregenz"]
[WhiteTeamCountry "AUT"]
[BlackTeamCountry "AUT"]

1. e4 c5 2. Nc3 Nc6 3. Nge2 g6 4. d4 cxd4 5. Nxd4 Bg7 6. Be3 Nf6 7. Be2 0-0 8. Nb3 a6 9. Qd2 b5 10. f3 d6 11. 0-0-0 Ne5 12. Bh6 Nc4 13. Qg5 Qb6 14. Rd3 Be6 15. g4 Qf2 16. Nd4 Rac8 17. Bxg7 Kxg7 18. h4 Rc5 19. Qf4 Bxg4 20. Rh2 Nh5 21. Rxf2 Nxf4 22. fxg4 Nxd3+ 23. cxd3 Ne5 24. Kd2 e6 25. Rf1 Rfc8 26. a3 Rb8 27. Na2 Rbc8 28. Nb4 Ra8 29. Nb3 Rcc8 30. Na5 Nd7 31. d4 Rc7 32. Bd3 h6 33. Ra1 Nf6 34. Rg1 h5 35. g5 Ng4 36. Rf1 f5 37. exf5 gxf5 38. d5 exd5 39. Nxd5 Rc5 40. Nf4 1-0

[Event "AUT-chT2W 0405"]
[Site "Austria"]
[Date "2005.01.23"]
[Round "8.3"]
[White "Peterwagner, Heinz"]
[Black "Salvermoser, Bernd"]
[Result "1/2-1/2"]
[WhiteElo "2214"]
[BlackElo "2242"]
[PlyCount "148"]
[EventDate "2004.10.16"]
[EventType "team-tourn"]
[EventRounds "11"]
[EventCountry "AUT"]
[SourceTitle "EXT 2005"]
[Source "ChessBase"]
[SourceDate "2004.11.15"]
[SourceVersion "1"]
[SourceVersionDate "2004.11.15"]
[SourceQuality "1"]
[WhiteTeam "Mozart"]
[BlackTeam "Innsbruck"]
[WhiteTeamCountry "AUT"]
[BlackTeamCountry "AUT"]

1. e4 c5 2. Nc3 d6 3. g3 Nc6 4. Bg2 g6 5. Nge2 Bg7 6. 0-0 e5 7. d3 Nge7 8. Be3 0-0 9. Qd2 Nd4 10. Nd1 f5 11. f4 fxe4 12. dxe4 Nxe2+ 13. Qxe2 exf4 14. Bxf4 Be6 15. c3 Nc6 16. Qd2 Ne5 17. Ne3 g5 18. Bxe5 Bxe5 19. Nd5 h6 20. Rxf8+ Kxf8 21. Rf1+ Kg7 22. a3 Rc8 23. Ne3 Rc7 24. Nd5 Rd7 25. Qe2 Rf7 26. Rxf7+ Bxf7 27. Qg4 Qe8 28. Bh3 Bg6 29. Bg2 Qd8 30. Qe2 h5 31. Bf3 g4 32. Bg2 Qg5 33. Ne3 Bf7 34. Nf5+ Kf6 35. Qe3 Qxe3+ 36. Nxe3 Be6 37. Kf2 Kg5 38. Bf1 Bd7 39. Nc4 Kf6 40. Bd3 Ba4 41. Ke3 Ke6 42. Nxe5 Kxe5 43. Bf1 Bc6 44. Bg2 b6 45. Bh1 d5 46. exd5 Bxd5 47. Bxd5 Kxd5 48. b3 b5 49. Kf4 a5 50. Kg5 c4 51. b4 axb4 52. axb4 Ke4 53. Kxh5 Kd3 54. Kxg4 Kxc3 55. h4 Kxb4 56. h5 c3 57. h6 c2 58. h7 c1Q 59. h8Q Kb3 60. Kf5 Qc5+ 61. Kf4 Qc4+ 62. Kf5 Qd3+ 63. Kf4 b4 64. g4 Qc4+ 65. Kf5 Qd5+ 66. Kf4 Qc4+ 67. Kf5 Qc3 68. Qb8 Ka2 69. Qa7+ Kb2 70. g5 Qf3+ 71. Ke5 Qg3+ 72. Kf5 Qd3+ 73. Kf6 Qd6+ 74. Kf5 Qd5+ 1/2-1/2

[Event "AUT-chT2W 0405"]
[Site "Austria"]
[Date "2004.10.17"]
[Round "2.4"]
[White "Peterwagner, Heinz"]
[Black "Pilz, Dieter"]
[Result "1/2-1/2"]
[WhiteElo "2214"]
[BlackElo "2303"]
[PlyCount "33"]
[EventDate "2004.10.16"]
[EventType "team-tourn"]
[EventRounds "11"]
[EventCountry "AUT"]
[SourceTitle "EXT 2005"]
[Source "ChessBase"]
[SourceDate "2004.11.15"]
[SourceVersion "1"]
[SourceVersionDate "2004.11.15"]
[SourceQuality "1"]
[WhiteTeam "Mozart"]
[BlackTeam "Absam"]
[WhiteTeamCountry "AUT"]
[BlackTeamCountry "AUT"]

1. e4 e5 2. Nf3 Nc6 3. Bb5 Nf6 4. Qe2 d6 5. h3 Be7 6. d4 exd4 7. Nxd4 Bd7 8. Bxc6 bxc6 9. e5 dxe5 10. Qxe5 0-0 11. 0-0 Re8 12. Nc3 h6 13. Qf4 Bd6 14. Qf3 c5 15. Nf5 Bxf5 16. Qxf5 Rb8 17. Rb1 1/2-1/2

[Event "AUT-chT 0203"]
[Site "Austria"]
[Date "2002.12.08"]
[Round "4.1"]
[White "Lau, Ralf"]
[Black "Peterwagner, Heinz"]
[Result "1-0"]
[WhiteElo "2491"]
[BlackElo "2243"]
[PlyCount "59"]
[EventDate "2002.12.05"]
[EventType "team-tourn"]
[EventRounds "11"]
[EventCountry "AUT"]
[SourceTitle "CBM 091 ext"]
[Source "ChessBase"]
[SourceDate "2003.01.09"]
[SourceVersion "1"]
[SourceVersionDate "2003.01.09"]
[SourceQuality "1"]
[WhiteTeam "Tschaturanga"]
[BlackTeam "Salzburg Mozart"]
[WhiteTeamCountry "AUT"]
[BlackTeamCountry "AUT"]

1. g3 g6 2. Bg2 Bg7 3. e4 c5 4. f4 e6 5. Qe2 Nc6 6. c3 Nge7 7. Nf3 a6 8. d3 Rb8 9. Be3 d6 10. 0-0 0-0 11. Nbd2 b5 12. e5 dxe5 13. fxe5 Nxe5 14. Nxe5 Bxe5 15. Bh6 Qc7 16. Bxf8 Kxf8 17. Rae1 Bg7 18. Nf3 Kg8 19. Qf2 b4 20. Ne5 Nf5 21. Nc6 bxc3 22. bxc3 Bxc3 23. Rc1 Rb2 24. Qxc5 Bf6 25. Rf2 Rxf2 26. Kxf2 Bg5 27. Re1 Bf6 28. Rc1 Bg5 29. Nd4 Be3+ 30. Ke2 1-0

[Event "AUT-chT 0102"]
[Site "Austria"]
[Date "2002.03.10"]
[Round "11.5"]
[White "Peterwagner, Heinz"]
[Black "Gaertner, Guntram"]
[Result "1/2-1/2"]
[WhiteElo "2226"]
[BlackElo "2392"]
[PlyCount "82"]
[EventDate "2001.10.31"]
[EventType "team-tourn"]
[EventRounds "11"]
[EventCountry "AUT"]
[SourceTitle "EXT 2002"]
[Source "ChessBase"]
[SourceDate "2001.11.25"]
[SourceVersion "1"]
[SourceVersionDate "2001.11.25"]
[SourceQuality "1"]
[WhiteTeam "Salzburg Mozart"]
[BlackTeam "Hohenems"]
[WhiteTeamCountry "AUT"]
[BlackTeamCountry "AUT"]

1. e4 c5 2. Nc3 e6 3. g3 d5 4. d3 Nf6 5. Bg2 Be7 6. Bd2 Nc6 7. Nf3 b6 8. 0-0 Bb7 9. exd5 exd5 10. Re1 0-0 11. Ne5 Rc8 12. Bf4 Nxe5 13. Bxe5 Bc6 14. h3 Bd6 15. Bxf6 Qxf6 16. Bxd5 Bxg3 17. fxg3 Qd4+ 18. Kg2 Bxd5+ 19. Nxd5 Qxd5+ 20. Qf3 Qd4 21. c3 Qd7 22. Rad1 Qa4 23. a3 Rcd8 24. Rd2 Rd7 25. Re4 Qc6 26. Re5 Qxf3+ 27. Kxf3 Rfd8 28. Re3 f6 29. d4 cxd4 30. Red3 Kf7 31. Rxd4 Rxd4 32. cxd4 Rd5 33. Ke4 Ke6 34. Re2 f5+ 35. Kd3+ Kd7 36. Kc4 Rd6 37. Rf2 Rc6+ 38. Kd5 g6 39. g4 Rd6+ 40. Ke5 Re6+ 41. Kd5 Rd6+ 1/2-1/2

[Event "AUT-chT 0102"]
[Site "Austria"]
[Date "2002.01.17"]
[Round "5.6"]
[White "Hoellrigl, Wilfried"]
[Black "Peterwagner, Heinz"]
[Result "1-0"]
[WhiteElo "2196"]
[BlackElo "2226"]
[PlyCount "73"]
[EventDate "2001.10.31"]
[EventType "team-tourn"]
[EventRounds "11"]
[EventCountry "AUT"]
[SourceTitle "EXT 2002"]
[Source "ChessBase"]
[SourceDate "2001.11.25"]
[SourceVersion "1"]
[SourceVersionDate "2001.11.25"]
[SourceQuality "1"]
[WhiteTeam "Jenbach SK Sparkasse"]
[BlackTeam "Salzburg Mozart"]
[WhiteTeamCountry "AUT"]
[BlackTeamCountry "AUT"]

1. e4 c5 2. c3 d5 3. exd5 Qxd5 4. d4 Nc6 5. Nf3 Bg4 6. Be2 e6 7. h3 Bf5 8. Be3 cxd4 9. Nxd4 Nge7 10. 0-0 Nxd4 11. cxd4 Nc6 12. Nc3 Qd7 13. Qa4 Bd6 14. Rfd1 0-0 15. Bf3 Rac8 16. Rac1 Rfd8 17. a3 Qe7 18. Ne4 Bb8 19. Bg5 f6 20. Be3 Qc7 21. Ng3 Bg6 22. b4 a6 23. Qb3 Bf7 24. Qb2 Qd7 25. Ne4 b6 26. Be2 f5 27. Ng5 f4 28. Nxf7 Kxf7 29. d5 exd5 30. Bg4 Qd6 31. Bxb6 f3 32. g3 Ne7 33. Bxd8 Rxd8 34. Rc3 Kg8 35. Rxf3 Ng6 36. Rfd3 Ne5 37. Rxd5 1-0

[Event "AUT-chT 0001"]
[Site "Austria"]
[Date "2000.11.19"]
[Round "5.1"]
[White "Mahdy, Khaled"]
[Black "Peterwagner, Heinz"]
[Result "1-0"]
[WhiteElo "2381"]
[BlackElo "2235"]
[PlyCount "83"]
[EventDate "2000.10.21"]
[EventType "team-tourn"]
[EventRounds "11"]
[EventCountry "AUT"]
[SourceTitle "EXT 2001"]
[Source "ChessBase"]
[SourceDate "2000.11.22"]
[SourceVersion "1"]
[SourceVersionDate "2000.11.22"]
[SourceQuality "1"]
[WhiteTeam "Gamlitz/Leutasch"]
[BlackTeam "Salzburg Mozart"]
[WhiteTeamCountry "AUT"]
[BlackTeamCountry "AUT"]

1. e4 c5 2. Nf3 Nc6 3. Bb5 d6 4. 0-0 Bd7 5. Re1 a6 6. Bf1 g6 7. h3 Bg7 8. c3 e5 9. Na3 b5 10. Nc2 Nge7 11. d4 cxd4 12. cxd4 0-0 13. Be3 Re8 14. Qd2 d5 15. exd5 Nxd5 16. Bg5 Qc7 17. dxe5 Be6 18. Ncd4 Nxe5 19. Nxe5 Bxe5 20. Nxe6 fxe6 21. Re4 Bg7 22. Rae1 Qf7 23. Be2 Kh8 24. Bf3 Rab8 25. R4e2 Nb6 26. Qf4 Qxf4 27. Bxf4 Rbc8 28. Rxe6 Rxe6 29. Rxe6 Bd4 30. Rd6 Bc5 31. Rd2 Re8 32. b3 a5 33. Bd6 Bxd6 34. Rxd6 Rb8 35. h4 Kg7 36. h5 a4 37. hxg6 hxg6 38. Be4 axb3 39. axb3 g5 40. Rg6+ Kf7 41. Rxg5 Nd7 42. Bd3 1-0

[Event "AUT-chT 0001"]
[Site "Austria"]
[Date "2000.11.17"]
[Round "3.1"]
[White "Teske, Henrik"]
[Black "Peterwagner, Heinz"]
[Result "1-0"]
[WhiteElo "2463"]
[BlackElo "2235"]
[PlyCount "103"]
[EventDate "2000.10.21"]
[EventType "team-tourn"]
[EventRounds "11"]
[EventCountry "AUT"]
[SourceTitle "EXT 2001"]
[Source "ChessBase"]
[SourceDate "2000.11.22"]
[SourceVersion "1"]
[SourceVersionDate "2000.11.22"]
[SourceQuality "1"]
[WhiteTeam "Graz Merkur Versicherung"]
[BlackTeam "Salzburg Mozart"]
[WhiteTeamCountry "AUT"]
[BlackTeamCountry "AUT"]

1. d4 Nf6 2. c4 g6 3. Nc3 Bg7 4. g3 0-0 5. Bg2 c5 6. d5 d6 7. Nf3 Na6 8. 0-0 Nc7 9. e4 Rb8 10. a4 b6 11. Qe2 a6 12. e5 Ng4 13. Bf4 Rb7 14. Rfe1 Nxe5 15. Bxe5 dxe5 16. Nxe5 Bxe5 17. Qxe5 Ne8 18. a5 Nd6 19. axb6 Qxb6 20. Na4 Qb4 21. Qe3 Rc7 22. b3 Bf5 23. Rec1 Rb8 24. Rc3 Re8 25. h3 Bd7 26. g4 a5 27. Qe5 Ra7 28. Bf3 f6 29. Qe3 Rc7 30. Kg2 Kg7 31. Ra2 Bc8 32. Qd2 Bd7 33. Nb2 Ra7 34. Nd3 Qb6 35. Qe3 Rc7 36. Qe1 Ra7 37. Re2 Kf8 38. Qc1 Kg7 39. Nb2 a4 40. bxa4 Bxa4 41. Rce3 Bb3 42. Qc3 Ba2 43. g5 Kf7 44. Na4 Qb3 45. Rxe7+ Rexe7 46. Qxf6+ Kg8 47. Rxe7 Rxe7 48. Qxe7 Nf5 49. Qe8+ Kg7 50. Nxc5 Nh4+ 51. Kh2 Nxf3+ 52. Kg3 1-0

[Event "AUT-chT2M 9899"]
[Site "Austria"]
[Date "1998.12.12"]
[Round "4"]
[White "Woeber, Friedrich"]
[Black "Peterwagner, Heinz"]
[Result "1/2-1/2"]
[WhiteElo "2205"]
[BlackElo "2215"]
[PlyCount "40"]
[EventDate "1998.11.??"]
[EventType "team-swiss"]
[EventRounds "11"]
[EventCountry "AUT"]
[SourceTitle "EXT 2000"]
[Source "ChessBase"]
[SourceDate "1999.11.16"]
[SourceVersion "1"]
[SourceVersionDate "1999.11.16"]
[SourceQuality "1"]

1. e4 c5 2. c3 d5 3. exd5 Qxd5 4. d4 Nc6 5. Nf3 Nf6 6. Na3 cxd4 7. Nb5 Qd8 8. Nbxd4 Nxd4 9. Qxd4 Qxd4 10. Nxd4 a6 11. Be2 e5 12. Nf3 Bd6 13. Bg5 Ne4 14. Be3 Be6 15. 0-0 0-0 16. Rfd1 Bc7 17. c4 f6 18. Nd2 Nd6 19. Bf3 Rab8 20. b3 Rfd8 1/2-1/2